|
|
|
|
| LEADER |
01201nam a2200289 a 4500 |
| 001 |
17103168 |
| 008 |
120930s2012 ne b 001 0 eng d |
| 010 |
|
|
|a 2012000031
|
| 020 |
|
|
|a 9789004218963
|
| 020 |
|
|
|a 9789004218956 (hardback : alk. paper)
|
| 040 |
|
|
|a DLC
|c DLC
|d DLC
|
| 082 |
0 |
0 |
|a 382/.9154
|2 23
|
| 100 |
1 |
|
|a Islam, Rizwanul Md.
|
| 245 |
1 |
0 |
|a Economic integration in South Asia :
|b charting a legal roadmap /
|c by Md. Rizwanul Islam.
|
| 260 |
|
|
|a Leiden ;
|a Boston :
|b Martinus Nijhoff Publishers,
|c 2012.
|
| 300 |
|
|
|a xxix, 336 p. ;
|c 24 cm.
|
| 490 |
0 |
|
|a Nijhoff international trade law series ;
|v v. 10
|
| 504 |
|
|
|a Includes bibliographical references (p. [303]-323) and index.
|
| 541 |
|
|
|a 00026006
|
| 651 |
|
0 |
|a South Asia
|x Economic integration.
|
| 650 |
|
0 |
|a Foreign trade regulation
|z South Asia.
|
| 650 |
|
0 |
|a Tariff
|x Law and legislation
|z South Asia.
|
| 650 |
|
0 |
|a Tariff preferences
|z South Asia.
|
| 650 |
|
0 |
|a Trade blocs
|z South Asia.
|
| 852 |
1 |
|
|a Ayesha Abed Library
|j General shelf
|
| 999 |
|
|
|c 12865
|d 12865
|
| 952 |
|
|
|0 0
|1 0
|4 0
|6 382_915400000000000_ISL
|7 0
|9 21173
|a BRACUL
|b BRACUL
|c GEN
|d 2012-09-30
|e Md. Rizwanul Islam
|g 0.00
|l 0
|o 382.9154 ISL
|p 3010026006
|r 2012-09-30
|t 1
|w 2012-09-30
|y BK
|